书目信息 |
| 题名: |
康乐服务学习手册
|
|
| 作者: | 吴业山 , 刘哲 编著 ;旅游行业培训教材研发中心 组织编写 | |
| 分册: | ||
| 出版信息: | 北京 旅游教育出版社 2007 |
|
| 页数: | 198页 | |
| 开本: | 21cm | |
| 丛书名: | ||
| 单 册: | ||
| 中图分类: | F719.5-62 | |
| 科图分类: | ||
| 主题词: | 文娱活动--商业服务--手册 | |
| 电子资源: | ||
| ISBN: | 978-7-5637-1429-2 | |
| 000 | 01067nam0 2200265 45 | |
| 001 | 012005000000 | |
| 005 | 20070807150639.07 | |
| 010 | @a978-7-5637-1429-2@dCNY13.00 | |
| 100 | @a20071222d2007 em y0chiy0120 ea | |
| 101 | 0 | @achi |
| 102 | @aCN@b110000 | |
| 105 | @aa z 000yy | |
| 106 | @ar | |
| 200 | 1 | @a康乐服务学习手册@Akang le fu wu xue xi shou ce@f吴业山,刘哲编著@Fwu ye shan, liu zhe bian zhu@g旅游行业培训教材研发中心组织编写@Glu^ you xing ye pei xun jiao cai yan fa zhong xin zu zhi bian xie |
| 210 | @a北京@c旅游教育出版社@d2007 | |
| 215 | @a198页@c图@d21cm | |
| 300 | @a中国旅游饭店业协会推荐 | |
| 330 | @a本书涵盖了基础知识、岗位素质、业务技能、操作流程四大主题,涉及前厅、客房、餐厅、酒吧、茶吧、康乐等数个职业岗位群的多项服务技能。 | |
| 606 | 0 | @a文娱活动@x商业服务@j手册 |
| 690 | @aF719.5-62@v4 | |
| 701 | 0 | @a吴业山@Awu ye shan@4编著 |
| 701 | 0 | @a刘哲@Aliu zhe@4编著 |
| 712 | 02 | @a旅游行业培训教材研发中心@Alu^ you xing ye pei xun jiao cai yan fa zhong xin@4组织编写 |
| 801 | 0 | @aCN@b北京图联@c20070807 |
| 905 | @dF719.5-62@e409@f5 | |
| 康乐服务学习手册/吴业山,刘哲编著/旅游行业培训教材研发中心组织编写.-北京:旅游教育出版社,2007 |
| 198页:图;21cm |
| 中国旅游饭店业协会推荐 |
| ISBN 978-7-5637-1429-2:CNY13.00 |
| 本书涵盖了基础知识、岗位素质、业务技能、操作流程四大主题,涉及前厅、客房、餐厅、酒吧、茶吧、康乐等数个职业岗位群的多项服务技能。 |
| ● |
| 相关链接 |
|
|
|
|
正题名:康乐服务学习手册
索取号:F719.5-62/409
 
预约/预借
| 序号 | 登录号 | 条形码 | 馆藏地/架位号 | 状态 | 备注 |
| 1 | 0853383 | 208533835 | 第一样本阅览室/ [索取号:F719.5-62/409] | 在馆 | |
| 2 | 0853384 | 208533844 | 第一借阅区/ [索取号:F719.5-62/409] | 在馆 | |
| 3 | 0853385 | 208533853 | 第一借阅区/ [索取号:F719.5-62/409] | 在馆 | |
| 4 | 0853386 | 208533862 | 第一借阅区/ [索取号:F719.5-62/409] | 在馆 | |
| 5 | 0853387 | 208533871 | 第一借阅区/ [索取号:F719.5-62/409] | 在馆 |